000 nam a22 a 4500
999 _c412
_d412
003 BLK
005 20230504161934.0
008 180412b bul|||||r ||||||| ||bul||
010 _aKNG00000652000
020 _a954-07-0309-3
040 _aBLK
041 _aBUL
_cBUL
080 _aНаказателно право. Наказателен процес. Учение за престъплението. Криминология. Вж и 341.4 ; 344 ; 348
_b343
_z343
100 1 _aСтойнов, Александър Иванов
_eпърви автор
_9242349
139 _aСтойнов, Александър Иванов
_bС 81
245 1 0 _aЖертвата на престъплението
_bИзследване
_cАлександър Иванов Стойнов.
257 _aBGR
260 _aСофия
_bУнив. изд. Св. Климент Охридски
_c1993
300 _a203 с.
_c20 см
380 _a3
500 _a2 000 тир. - Библиогр. с. 195-199
504 _a195-199
650 4 _aПрестъпления - роля на потърпевшия и наказателноправна защита
_9242350
653 _aпрестъпления
653 _aжертви
653 _aнаказателно право
852 _aЦб 174584
_bЦб
856 4 _qpdf
_u
_i0.00
_ldisable
856 4 _qpdf
_u
_i0.00
_ldisable
942 _cKNG
_n0
_04
_s1
944 _aCR
_c15.01.2003
_kГеновева_Генчева
944 _aED
_c17.06.2004
999 _d412